| 000 | 00515nam a2200205 a 4500 | ||
|---|---|---|---|
| 001 | BRL_710 | ||
| 005 | 20190320210849.0 | ||
| 008 | 300913s1949----au-#######---#000-0#ger-# | ||
| 041 | _ager | ||
| 044 | _aau | ||
| 050 | 4 |
_aPT8175 _b.F75 1949 |
|
| 100 | 1 |
_aFrischauf, Marie _924708 |
|
| 245 | 1 | 0 |
_aDer Graue Mann _bRoman _cMarie Frischauf. |
| 260 |
_aWien _bDie Buchgemeinde _c1949 |
||
| 300 |
_a236 p. _c19 cm. |
||
| 500 | _aAu789 | ||
| 650 | 1 | 4 |
_aLiteratura Alemana _vNovela _922844 |
| 902 | _aGRL | ||
| 942 |
_2lcc _cB |
||
| 999 |
_c9522 _d9522 |
||